Estadística no paramétrica aplicada a las ciencias de la conducta

Guardado en:
Detalles Bibliográficos
Autor principal: Siegel, Sidney
Otros Autores: Aguilar Villalobos, Javier, Ruseil, Lisha Jacobo, Vinos Cruz-López, Ricardo
Formato: Desconocido
Lenguaje:Español
Publicado: México : Trillas 1972
Edición:2a. ed., 8a. reimp.
Aporte de:Registro referencial: Solicitar el recurso aquí
LEADER 01183 a2200253 4500
001 25217
005 20260407155536.0
008 260407a1972 arg spa d
003 AR-UNSa-BCEJYS
040 |a AR-UNSa-BCEJYS  |b spa  |c AR-UNSa-BCEJYS 
080 |a 519.23  |x Análisis estadístico. Métodos de inferencia (Métodos no paramétricos...) 
245 1 0 |a Estadística no paramétrica  |p aplicada a las ciencias de la conducta 
020 |a 968-24-0146-1 
250 |a 2a. ed., 8a. reimp. 
264 1 |a México :  |b Trillas  |c 1972 
300 |a 344 p.  |c 23 cm. 
505 |a 1. Introducción - 2. El uso de las pruebas estadística en la investigación - 3. Elección de la prueba estadística adecuada - 4. El caso de una muestra - 5. El caso de dos muestras relacionadas - 6. El caso de dos muestras independientes - 7. El caso de K muestras relacionadas - 8. El caso de K muestra independientes - 9. Las medidas de correlación y sus pruebas de significación. 
942 |c BK 
590 |a niveau_biblio:m niveau_hierar:0 
100 1 |a Siegel, Sidney 
700 1 |a Aguilar Villalobos, Javier 
700 1 |a Ruseil, Lisha Jacobo 
700 1 |a Vinos Cruz-López, Ricardo 
999 |c 1325  |d 1325